5HLuxD.jpg

KING HENRY VIII SENIOR AND PRIMARY SCHOOL LIBRARY OPAC

Race to the frozen north : (Record no. 1055)

000 -LEADER
fixed length control field 01110pam a2200337 i 4500
001 - CONTROL NUMBER
control field 018933311
003 - CONTROL NUMBER IDENTIFIER
control field Uk
005 - DATE AND TIME OF LATEST TRANSACTION
control field 20200624105014.0
008 - FIXED-LENGTH DATA ELEMENTS--GENERAL INFORMATION
fixed length control field 181003s2018 stka j 000 1 eng c
015 ## - NATIONAL BIBLIOGRAPHY NUMBER
National bibliography number GBB8C5251
Source bnb
016 7# - NATIONAL BIBLIOGRAPHIC AGENCY CONTROL NUMBER
Record control number 018933311
Source Uk
020 ## - INTERNATIONAL STANDARD BOOK NUMBER
International Standard Book Number 9781781128404 (pbk.) :
035 ## - SYSTEM CONTROL NUMBER
System control number (StEdNL)99115769643304341
040 ## - CATALOGING SOURCE
Original cataloging agency StDuBDS
Language of cataloging eng
Transcribing agency StDuBDS
Modifying agency StEdNL
-- Uk
Description conventions rda
042 ## - AUTHENTICATION CODE
Authentication code ukscp
082 04 - DEWEY DECIMAL CLASSIFICATION NUMBER
Classification number FIC JOH
Edition number 23
100 1# - MAIN ENTRY--PERSONAL NAME
Personal name Johnson, Catherine,
Dates associated with a name 1962-
Relator term author.
245 10 - TITLE STATEMENT
Title Race to the frozen north :
Remainder of title the Matthew Henson story /
Statement of responsibility, etc. Catherine Johnson ; with illustrations by Katie Hickey.
264 #1 - PRODUCTION, PUBLICATION, DISTRIBUTION, MANUFACTURE, AND COPYRIGHT NOTICE
Place of production, publication, distribution, manufacture Edinburgh :
Name of producer, publisher, distributor, manufacturer Barrington Stoke,
Date of production, publication, distribution, manufacture, or copyright notice 2018.
300 ## - PHYSICAL DESCRIPTION
Extent 118 pages :
Other physical details illustrations ;
Dimensions 20 cm
336 ## - CONTENT TYPE
Content type term text
Source rdacontent
337 ## - MEDIA TYPE
Media type term unmediated
Source rdamedia
338 ## - CARRIER TYPE
Carrier type term volume
Source rdacarrier
500 ## - GENERAL NOTE
General note Formerly CIP.
Institution to which field applies Uk
600 10 - SUBJECT ADDED ENTRY--PERSONAL NAME
Personal name Henson, Matthew Alexander,
Dates associated with a name 1866-1955
Form subdivision Juvenile fiction.
655 #0 - INDEX TERM--GENRE/FORM
Genre/form data or focus term Adventure stories.
655 #0 - INDEX TERM--GENRE/FORM
Genre/form data or focus term Children's stories.
655 #0 - INDEX TERM--GENRE/FORM
Genre/form data or focus term High interest-low vocabulary books.
700 1# - ADDED ENTRY--PERSONAL NAME
Personal name Hickey, Katie,
Relator term illustrator.
942 ## - ADDED ENTRY ELEMENTS (KOHA)
Source of classification or shelving scheme
Koha item type Books - Fiction
Holdings
Withdrawn status Lost status Source of classification or shelving scheme Damaged status Not for loan Collection code Permanent Location Current Location Shelving location Date acquired Total Checkouts Full call number Barcode Date last seen Date last checked out Price effective from Koha item type
          Fiction KH8 Senior School Library KH8 Senior School Library Easy Reading 2020-06-24 3 FIC JOH 3KHSL000101787 2025-05-28 2025-04-23 2020-06-24 Books - Fiction

Powered By KH8 IT Dept